| 000 | 00811nam a22001577a 4500 | ||
|---|---|---|---|
| 003 | NUST | ||
| 005 | 20221028123728.0 | ||
| 082 | _a621.317,KET | ||
| 100 |
_aKetchum, Donald J. _9101617 |
||
| 245 |
_aPulse and seitching circuits / _cDonald J. Ketchum |
||
| 260 |
_aLondon _bMcGraw Hill _c1965 |
||
| 300 | _a309 p | ||
| 505 | _aWaveforms (Page-1), Netwoks (Page-20), Resistance capacitance inductance (Page-34), Diode switching circuits (Page-56), Triode switches (Page-75), Bistable multivibrations (Page-109), Monostable and astable multivibrations (Page-140), Blocinking oscillators (Page-167), Basic sawtooth generators (Page-181), Gating circuits (Page-210), Delay circuits (Page-231), Special purpose circuits (Page-244), Applications (Page-257). | ||
| 650 |
_aSwitching circuits _941481 |
||
| 942 |
_2ddc _cBK |
||
| 999 |
_c592069 _d592069 |
||